00775nam a22001937a 450000500170000001000150001702000270003203500140005903700090007308200140008210000340009624500550013026000680018527000900025330000250034394200250036899900190039395201690041220241114170203.0 aENG-142616 a9789356065864c1090.00 aEN-126148 bDBAD a610.7324 aTabloski, Patricia A. 973966 aGerontological Nursing/cBy Patricia A. Tabloski  aUttar PradeshbPearson India Education Services Pvt. Ltd.c2025 a1st Floor, Berger Tower, Plot No. C-001A/2, Sector 16BbNoida (Uttar Pradesh)e201301 axxi, 765p.c25cm(pb) 2ddccENh610.73mTAB c206995d206995 001040708NFICaBNbBNd2024-11-14eDelivery of Books Act Divisiong1090.00l1o610.73 TABpEN-126148r2025-05-31 00:00:00s2025-05-17t1v1090.00w2024-11-14yEN